| 000 | 00495nam a2200181Ia 4500 | ||
|---|---|---|---|
| 005 | 20250508163113.0 | ||
| 008 | 008 250505s9999 xx 000 0 eng d | ||
| 037 | _aTextual | ||
| 040 |
_aFEDL _beng _cFEDL |
||
| 041 |
_aeng _2eng |
||
| 084 |
_a821, TEN _qFEDL |
||
| 100 |
_aBush Douglas Ed. _9618971 |
||
| 245 | 0 | _aTennyson: selected poetry | |
| 260 |
_aNew York, USA _bThe Modern Library _c1951 |
||
| 300 | _axxi,425p. | ||
| 942 |
_cTEXL _h821, TEN |
||
| 999 |
_c1380849 _d1380849 |
||